00327nam a2200121Ia 4500008004100000020001800041041001200059100001500071245005500086260004100141300000800182650001500190221030s9999 xx 000 0 und d a9781108711951 aEnglish aF. T. Azmi 0aStrategic Human Resource Managementcby F. T. Azmi bCambridge University PressaUKc2019 a319 aManagement